Skew field constructions /
Guardado en:
| Autor Principal: | |
|---|---|
| Formato: | Libro |
| Idioma: | English |
| Publicado: |
Cambridge :
Cambridge University Press,
1977.
|
| Series: | London Mathematical Society lecture note series ;
27 |
| Etiquetas: |
Agregar Etiqueta
Sin Etiquetas, Sea el primero en etiquetar este registro!
|
| LEADER | 00627nam a22001935a 4500 | ||
|---|---|---|---|
| 001 | MAT.inmabb000017 | ||
| 008 | 761023s1977####mau######b####001#0#eng## | ||
| 005 | 20110316170014.0 | ||
| 245 | 1 | 0 | |a Skew field constructions / |c P. M. Cohn. |
| 260 | |a Cambridge : |b Cambridge University Press, |c 1977. | ||
| 300 | |a xii, 253 p. ; |c 23 cm. | ||
| 440 | 0 | |a London Mathematical Society lecture note series ; |v 27 | |
| 504 | |a Bibliografía: p. 234-250. | ||
| 510 | 4 | |a MR, |c 57 #3190 | |
| 020 | |a 0521214971 | ||
| 100 | 1 | |a Cohn, P. M. |q (Paul Moritz) | |
| 084 | |a 16A40 (12E15) |2 MR |9 2000 | ||
| 010 | |a 76046854 | ||
| 859 | |h 16 |i C678 |p A-5049 |b BIB. MATEMATICA | ||
